000 00625nam a2200229Ia 4500
003 OSt
005 20220924133757.0
006 a|||||r|||| 00| 0
007 ta
008 220923b |||||||| |||| 00| 0 tel d
024 _a268823
037 _cTextual
040 _aARTS
_cARTS
_btel
041 _2tel
_atel
082 _aO35,2M48,1:g, N9
100 _aSharma Modali Nagabhushana
_9207329
245 0 _aKanya sulkam
_b noorella kamyasulkan
260 _c1999
650 _aTELUGU DRAMA
_9173432
942 _hO35,2M48,1:g, N9
_cTEXL
_2CC
999 _c435165
_d435165